Normal view
MARC view
Entry Personal Name
001 - CONTROL NUMBER
- control field: 30184
003 - CONTROL NUMBER IDENTIFIER
- control field: OSt
005 - DATE AND TIME OF LATEST TRANSACTION
- control field: 20220210152406.0
008 - FIXED-LENGTH DATA ELEMENTS
- fixed length control field: 220210|| aca||aabn | a|a d
040 ## - CATALOGING SOURCE
- Original cataloging agency: OSt
- Transcribing agency: OSt
100 ## - HEADING--PERSONAL NAME
- Personal name: Wilby C. B
670 ## - SOURCE DATA FOUND
- Source citation: Work cat.: (OSt)29901: Wilby C. B., Concrete Materials And Structures